00594nam a2200193 i 4500001000700000003000900007005001700016008004100033080001700074100002200091245006500113260004800178300002100226490002900247500001400276650001500290830002900305852006600334172634ES-MaACL20230906215004.0090804s1959 fr |||| | fre d a284.5"15/17"1 aBourguet, Pierre.10aHuguenots b: le sobriquet mystérieux / cPierre Bourguet. aParis : bLes Bergers et les Mages, c1959. a86 p. ; c18 cm.1 aLes Bergers et les Mages aÍndice.04aHugonotes.0 aLes Bergers et les Mages4 aES-MaACLjE-12925 z. - Biblioteca Jacinto Martínez Lacalle